Vista normal Vista MARC
  • Ituren i Oliver, Albert

Entrada Nom personal

Nombre de registres utilitzats a: 1

001 - NÚMERO DE CONTROL

  • campo de control: 62705

003 - IDENTIFICADOR DE NÚMERO DE CONTROL

  • campo de control: OSt

005 - FECHA Y HORA DE LA ÚLTIMA TRANSACCIÓN

  • campo de control: 20210930002327.0

008 - ELEMENTOS DE DATO DE LONGITUD-FIJA

  • campo de control de longitud fija: 210929|| aca||aabn | a|a d

040 ## - FUENTE DE CATALOGACIÓN

  • Centro catalogador/agencia de origen: OSt
  • Centro/agencia transcriptor: OSt

100 ## - ENCABEZAMIENTO-NOMBRE DE PERSONA

  • Nombre de persona: Ituren i Oliver, Albert

670 ## - FUENTE DE DATOS ENCONTRADOS

  • Cita de la fuente: Work cat.: (OSt)35276: Ituren i Oliver, Albert, Vocabulari de dret administratiu: Català / castellà